000 00384 a2200121 4500
001 ART_3604
005 20260410161716.0
008 260409a
245 1 0 _aPrivatizaciones en un contexto de emergencia económica
100 1 _aGerchunoff, Pablo
700 1 _aCánovas, Guillermo
773 0 _tDesarrollo económico
_g- Vol. 34, Nº 136 (ene./mar. 1995)
_wREV1174
999 _c16548
_d16548